Informe de la Comisión Nacional de Verdad y Reconciliación.

Uloženo v:
Podrobná bibliografie
Korporativní autor: Corporación Nacional de Reparación y Reconciliación
Médium: Kniha
Jazyk:španělština
Vydáno: Santiago, Chile Salesianos 2007
Témata:
Tagy: Přidat tag
Žádné tagy, Buďte první, kdo vytvoří štítek k tomuto záznamu!

MARC

LEADER 00000nam a2200000 a 4500
001 UCH8461
003 CL-VaPUC
005 20250228101810.0
008 091127e20070100CL |||||||||||||||||spa|d
999 |c 338673  |d 338671 
020 |a 9567319175 
040 |c Pontificia Universidad Católica de Valparaíso 
082 0 4 |a 323.4 COR 2007  |2 21 
110 2 |a Corporación Nacional de Reparación y Reconciliación  |9 545035 
245 1 0 |a Informe de la Comisión Nacional de Verdad y Reconciliación. 
260 0 3 |a Santiago, Chile  |b Salesianos  |c 2007 
300 |a 3 volúmenes. 
505 |a v.1: Métodos de trabajo y labor desplegada por la Comisión. v.2: Violaciones a los derechos humanos cometidos por agentes del Estado. v.3: Nombre y datos bibliográficos de las víctimas. 
583 |k Rodrigo Vera  |c 20201005 
600 0 7 |a DINA  |2 CL-VaPUC  |9 392334 
600 0 7 |a MIR  |2 CL-VaPUC  |9 467865 
600 0 7 |a CNI  |2 CL-VaPUC  |9 545036 
600 0 |a Pinochet Ugarte, Augusto,  |e 1915-2006  |9 374419 
600 0 |a Allende Gossens, Salvador,   |d 1908-1973  |9 257222 
650 0 |a Personas desaparecidas  |9 257100 
650 0 |a Violaciones de los derechos humanos  |9 338464 
650 0 |a Historia política  |9 256974 
650 0 |a Gobierno militar   |9 316360 
650 0 |a Derechos humanos  |9 223025 
650 0 |a Iglesia Católica  |9 256114 
942 |c BK  |2 ddc 
945 |d 20091127 00:00:00  |a lazolas 
952 |0 0  |1 0  |2 ddc  |4 0  |6 323_400000000000000_COR_2007  |7 0  |8 X  |9 431771  |a FDOBUD  |b FDOBUD  |d 2019-11-22  |h v.1  |i 4711270  |o 323.4 COR 2007  |p 4711270  |r 2019-11-22  |t 1  |w 2019-11-22  |y BK_X  |k BUD 
952 |0 0  |1 0  |2 ddc  |4 0  |6 323_400000000000000_COR_2007  |7 0  |8 X  |9 431772  |a FDOBUD  |b FDOBUD  |d 2019-11-22  |h v.1  |i 4711289  |o 323.4 COR 2007  |p 4711289  |r 2019-11-22  |t 2  |w 2019-11-22  |y BK_X  |k BUD 
952 |0 0  |1 0  |2 ddc  |4 0  |6 323_400000000000000_COR_2007  |7 0  |8 X  |9 431773  |a FDOBUD  |b FDOBUD  |d 2019-11-22  |h v.1  |i 4711297  |o 323.4 COR 2007  |p 4711297  |r 2019-11-22  |t 3  |w 2019-11-22  |y BK_X  |k BUD 
952 |0 0  |1 0  |2 ddc  |4 0  |6 323_400000000000000_COR_2007  |7 0  |8 X  |9 431774  |a FDOBUD  |b FDOBUD  |d 2019-11-22  |h v.1  |i 4711300  |o 323.4 COR 2007  |p 4711300  |r 2019-11-22  |t 4  |w 2019-11-22  |y BK_X  |k BUD 
952 |0 0  |1 0  |2 ddc  |4 0  |6 323_400000000000000_COR_2007  |7 0  |8 X  |9 431775  |a FDOBUD  |b FDOBUD  |d 2019-11-22  |h v.2  |i 4711319  |o 323.4 COR 2007  |p 4711319  |r 2019-11-22  |t 1  |w 2019-11-22  |y BK_X  |k BUD 
952 |0 0  |1 0  |2 ddc  |4 0  |6 323_400000000000000_COR_2007  |7 0  |8 X  |9 431776  |a FDOBUD  |b FDOBUD  |d 2019-11-22  |h v.2  |i 4711327  |o 323.4 COR 2007  |p 4711327  |r 2019-11-22  |t 2  |w 2019-11-22  |y BK_X  |k BUD